[Event "Wiesbaden op 29th"]
[Site "Wiesbaden"]
[Date "2017.08.25"]
[Round "2"]
[White "Kregelin, Jan"]
[Black "Kleehammer, Otto"]
[Result "1-0"]
[WhiteElo "2112"]
[BlackElo "1911"]
[PlyCount "89"]
[EventDate "2017.08.24"]
[EventType "swiss"]
[EventRounds "7"]
[EventCountry "GER"]
[SourceTitle "CBM 180 Extra"]
[Source "ChessBase"]
[SourceDate "2017.10.06"]
[SourceVersion "1"]
[SourceVersionDate "2017.10.06"]
[SourceQuality "1"]

1. d4 c5 2. d5 Nf6 3. c4 b5 4. cxb5 a6 5. f3 e6 6. e4 axb5 7. Bxb5 g6 8. Nc3 Bb7 9. Bg5 h6 10. Bh4 g5 11. Bf2 exd5 12. exd5 Bd6 13. Nge2 0-0 14. 0-0 Na6 15. Ng3 Bxg3 16. Bxg3 d6 17. Bc4 Nh5 18. f4 Nxg3 19. hxg3 f5 20. Qh5 Qf6 21. Rae1 Nc7 22. fxg5 hxg5 23. g4 Qd4+ 24. Kh2 Rf7 25. Qxg5+ Rg7 26. Qf4 Rxg4 27. Qxd4 cxd4 28. Nd1 Rf8 29. Re7 Rf7 30. Rxf7 Kxf7 31. Rxf5+ Ke7 32. Nf2 Rg7 33. Rf4 Nxd5 34. Rxd4 Nf6 35. g4 d5 36. Bd3 Kd6 37. Bf5 Ke5 38. Rb4 Ne4 39. Nd3+ Kf6 40. Rb6+ Kg5 41. a4 Nd2 42. Nc5 Re7 43. Rxb7 Re2+ 44. Kg3 Re3+ 45. Kf2 1-0

[Event "GER-ch48 sf05 email"]
[Site "GER email"]
[Date "2016.07.03"]
[Round "?"]
[White "Kregelin, Jan"]
[Black "Andersen, Jens Knud"]
[Result "1-0"]
[WhiteElo "2325"]
[BlackElo "2303"]
[PlyCount "87"]
[EventDate "2016.??.??"]
[EventType "tourn (corr)"]
[EventRounds "12"]
[EventCountry "GER"]
[SourceTitle "Corr 2017"]
[Source "ChessBase"]
[SourceDate "2017.09.19"]
[SourceVersion "1"]
[SourceVersionDate "2017.09.19"]
[SourceQuality "1"]

1. e4 c5 2. b3 Nc6 3. Bb2 e5 4. Bc4 d6 5. Nc3 Nf6 6. Nge2 Be7 7. 0-0 0-0 8. f4 Nd4 9. Nxd4 cxd4 10. Nd5 Be6 11. Qf3 Bxd5 12. exd5 Rc8 13. a4 a6 14. a5 Qc7 15. d3 Kh8 16. b4 Ng8 17. Rae1 f5 18. Bb3 g6 19. Qg3 Bf6 20. Re2 Nh6 21. h3 g5 22. fxg5 f4 23. Qh4 Nf5 24. Qg4 Be7 25. Rf3 Ne3 26. Rfxe3 fxe3 27. Bxd4 exd4 28. Qxd4+ Kg8 29. Qxe3 Rf7 30. c4 Rcf8 31. Kh2 Qd7 32. Bd1 Qf5 33. h4 h6 34. Qe6 Qxe6 35. Rxe6 hxg5 36. h5 Bf6 37. Kh3 Bc3 38. Rxd6 Bxb4 39. Re6 Rf1 40. Be2 Rh1+ 41. Kg4 Rg1 42. Bf3 Rf4+ 43. Kg3 Be1+ 44. Kh2 1-0

[Event "GER-ch48 sf05 email"]
[Site "GER email"]
[Date "2016.07.03"]
[Round "?"]
[White "Kregelin, Jan"]
[Black "Franke, Heiko"]
[Result "0-1"]
[WhiteElo "2325"]
[BlackElo "2381"]
[PlyCount "56"]
[EventDate "2016.??.??"]
[EventType "tourn (corr)"]
[EventRounds "12"]
[EventCountry "GER"]
[SourceTitle "Corr 2017"]
[Source "ChessBase"]
[SourceDate "2017.09.19"]
[SourceVersion "1"]
[SourceVersionDate "2017.09.19"]
[SourceQuality "1"]

1. c4 Nf6 2. g3 g6 3. Bg2 Bg7 4. Nc3 0-0 5. d4 d6 6. Nf3 Nc6 7. 0-0 a6 8. d5 Na5 9. Nd2 c5 10. Rb1 Rb8 11. b3 b5 12. Qc2 h5 13. Bb2 Bf5 14. e4 Bd7 15. Ne2 Qc7 16. Nf4 Ng4 17. Bxg7 Kxg7 18. Nf3 Nb7 19. Rfe1 Rh8 20. Nd3 f6 21. h3 Ne5 22. Nfxe5 dxe5 23. f4 exf4 24. e5 Bf5 25. Be4 Bxe4 26. Rxe4 f5 27. Nxf4 Nd8 28. Re2 bxc4 0-1

[Event "GER-ch48 sf05 email"]
[Site "GER email"]
[Date "2016.07.03"]
[Round "?"]
[White "Kregelin, Jan"]
[Black "Osterburg, Klaus Juergen"]
[Result "1/2-1/2"]
[WhiteElo "2325"]
[BlackElo "2319"]
[PlyCount "87"]
[EventDate "2016.??.??"]
[EventType "tourn (corr)"]
[EventRounds "12"]
[EventCountry "GER"]
[SourceTitle "Corr 2017"]
[Source "ChessBase"]
[SourceDate "2017.09.19"]
[SourceVersion "1"]
[SourceVersionDate "2017.09.19"]
[SourceQuality "1"]

1. d4 Nf6 2. c4 e6 3. Nc3 Bb4 4. Qc2 d5 5. a3 Bxc3+ 6. Qxc3 c5 7. dxc5 d4 8. Qg3 Nc6 9. Nf3 e5 10. b4 e4 11. Nd2 0-0 12. Bb2 Qe7 13. Qh4 b6 14. b5 Ne5 15. Nxe4 bxc5 16. Nxf6+ gxf6 17. e3 Bf5 18. Rd1 Kh8 19. Be2 Rg8 20. Qf4 Qe6 21. e4 Bg6 22. 0-0 Rae8 23. f3 f5 24. Rf2 fxe4 25. fxe4 Nd7 26. Bg4 Qe7 27. Bxd7 Qxd7 28. Re1 Re6 29. a4 Rge8 30. Ba3 Kg8 31. h3 Re5 32. Qg3 Qe7 33. a5 f5 34. b6 fxe4 35. Rb2 axb6 36. axb6 e3 37. b7 Qc7 38. Rb5 Rb8 39. Kh2 Re7 40. Bxc5 Qxg3+ 41. Kxg3 Rexb7 42. Rxb7 Rxb7 43. Bxd4 Rb4 44. Kf3 1/2-1/2

[Event "GER-ch48 sf05 email"]
[Site "GER email"]
[Date "2016.04.03"]
[Round "?"]
[White "Kregelin, Jan"]
[Black "Scheiba, Manfred"]
[Result "1/2-1/2"]
[WhiteElo "2122"]
[BlackElo "2121"]
[PlyCount "43"]
[EventDate "2016.??.??"]
[EventType "tourn (corr)"]
[EventRounds "12"]
[EventCountry "GER"]
[SourceTitle "Corr 2020"]
[Source "ChessBase"]
[SourceDate "2019.09.30"]
[SourceVersion "1"]
[SourceVersionDate "2019.09.30"]
[SourceQuality "1"]

1. e4 c5 2. Nf3 d6 3. d4 cxd4 4. Nxd4 Nf6 5. Nc3 g6 6. Be3 Bg7 7. f3 Nc6 8. Qd2 0-0 9. 0-0-0 d5 10. exd5 Nxd5 11. Nxc6 bxc6 12. Bd4 Bxd4 13. Qxd4 Qb6 14. Na4 Qc7 15. Bc4 Rd8 16. Nc5 Bf5 17. Bb3 Nf4 18. Qf2 Rxd1+ 19. Rxd1 Rd8 20. Rxd8+ Qxd8 21. g3 Qd4 22. Qxd4 1/2-1/2

[Event "GER-chT11-B3 email"]
[Site "GER email"]
[Date "2015.10.15"]
[Round "?.4"]
[White "Schubert, Joachim"]
[Black "Kregelin, Jan"]
[Result "1/2-1/2"]
[WhiteElo "2070"]
[BlackElo "2330"]
[PlyCount "93"]
[EventDate "2015.??.??"]
[EventType "tourn (corr)"]
[EventRounds "8"]
[EventCountry "GER"]
[SourceTitle "Corr 2017"]
[Source "ChessBase"]
[SourceDate "2017.09.19"]
[SourceVersion "1"]
[SourceVersionDate "2017.09.19"]
[SourceQuality "1"]
[WhiteTeam "Friesen Lichtenberg"]
[BlackTeam "FSV Spremberg"]

1. e4 c5 2. Nf3 d6 3. d4 cxd4 4. Nxd4 Nf6 5. Nc3 a6 6. Be2 e5 7. Nb3 Be7 8. 0-0 0-0 9. Qd3 Nc6 10. a3 Be6 11. Rd1 Rc8 12. Nd5 Bxd5 13. exd5 Nb8 14. Be3 Nfd7 15. c4 Bg5 16. Bxg5 Qxg5 17. Rac1 f5 18. Qh3 b6 19. Nd2 a5 20. b4 Qf6 21. g4 g6 22. gxf5 gxf5 23. Kh1 Kh8 24. Rg1 Rg8 25. Nf3 Rcf8 26. Nh4 Qh6 27. Rxg8+ Rxg8 28. Rg1 Rxg1+ 29. Kxg1 Nf6 30. Kg2 Qg7+ 31. Kh1 Qh6 32. Bf1 axb4 33. axb4 Ng4 34. Qg3 Qf6 35. Bd3 Nh6 36. Nxf5 Nxf5 37. Qf3 Na6 38. b5 Nc5 39. Qxf5 Qxf5 40. Bxf5 Kg7 41. Kg2 h6 42. Kf3 Kf6 43. Bc2 Kg5 44. Kg3 Nd7 45. h4+ Kf6 46. Kg4 Nc5 47. Kh5 1/2-1/2

[Event "GER-chT11-B3 email"]
[Site "GER email"]
[Date "2015.09.29"]
[Round "?"]
[White "Kregelin, Jan"]
[Black "Kunzelmann, Fred"]
[Result "1/2-1/2"]
[WhiteElo "2118"]
[BlackElo "2202"]
[PlyCount "57"]
[EventDate "2015.??.??"]
[EventType "tourn (corr)"]
[EventRounds "8"]
[EventCountry "GER"]
[SourceTitle "Corr 2022"]
[Source "ChessBase"]
[SourceDate "2021.10.24"]
[SourceVersion "1"]
[SourceVersionDate "2021.10.24"]
[SourceQuality "1"]

1. e4 c5 2. Nf3 d6 3. d4 cxd4 4. Nxd4 Nf6 5. Nc3 a6 6. Be3 Ng4 7. Bc1 Nf6 8. Be3 e5 9. Nb3 Be6 10. f3 Be7 11. Qd2 0-0 12. 0-0-0 Nbd7 13. g4 b5 14. g5 b4 15. Ne2 Ne8 16. f4 a5 17. f5 a4 18. Nbd4 exd4 19. Nxd4 b3 20. Kb1 bxc2+ 21. Nxc2 Bb3 22. axb3 axb3 23. Na3 Ne5 24. h4 Ra4 25. Bd4 Nf3 26. Qc3 Nxd4 27. Rxd4 Rxd4 28. Qxd4 d5 29. Qxd5 1/2-1/2

[Event "Wiesbaden op 27th"]
[Site "Wiesbaden"]
[Date "2015.08.30"]
[Round "7"]
[White "Kregelin, Jan"]
[Black "Gutacker, Stephan"]
[Result "1-0"]
[WhiteElo "2093"]
[BlackElo "1887"]
[PlyCount "63"]
[EventDate "2015.08.27"]
[EventType "swiss"]
[EventRounds "7"]
[EventCountry "GER"]
[SourceTitle "EXT 2016"]
[Source "ChessBase"]
[SourceDate "2015.10.08"]
[SourceVersion "1"]
[SourceVersionDate "2015.10.08"]
[SourceQuality "1"]

1. d4 Nf6 2. c4 e6 3. Nc3 d5 4. cxd5 exd5 5. Bg5 Be7 6. e3 0-0 7. Bd3 c6 8. Nge2 Re8 9. Qc2 Nbd7 10. 0-0 Nf8 11. f3 Ng6 12. Rad1 Nd7 13. Bxe7 Qxe7 14. e4 dxe4 15. fxe4 Ndf8 16. Kh1 Bg4 17. Bc4 Ne6 18. d5 Bxe2 19. Nxe2 cxd5 20. exd5 Nd8 21. Bb5 Rf8 22. Ng3 Qb4 23. Ba4 b5 24. Bb3 Nb7 25. Nf5 Rac8 26. Qf2 Qc5 27. Qg3 Na5 28. h4 Nxb3 29. axb3 h5 30. Rd2 Rcd8 31. Qg5 Rxd5 32. Rxd5 1-0